000 00368 a2200169 4500
001 183545
020 _a85-08-05556-0
040 _cMagnum
100 _aScliar, Moacyr
240 1 0 _aUm país chamado infância
_lpor
245 1 0 _aUm país chamado infância
300 _a80
362 0 _a1995
440 1 _aÁtica
697 _aLITERATURA JUVENIL
942 _cBK
999 _c183545
_d183545